The History of Hungarian Fiume 1776-1914

Elmentve itt :
Bibliográfiai részletek
Szerző: Szélinger Balázs
Dokumentumtípus: Cikk
Megjelent: Université de Szeged Szeged 2003
Sorozat:Mediterrán tanulmányok 12
Kulcsszavak:Fiume története - 1776-1914
Tárgyszavak:
Online Access:http://acta.bibl.u-szeged.hu/7689
LEADER 00736nab a2200205 i 4500
001 acta7689
005 20251128123049.0
008 161015s2003 hu o 000 eng d
022 |a 0238-8308 
040 |a SZTE Egyetemi Kiadványok Repozitórium  |b hun 
041 |a eng 
100 1 |a Szélinger Balázs 
245 1 4 |a The History of Hungarian Fiume 1776-1914  |h [elektronikus dokumentum] /  |c  Szélinger Balázs 
260 |a Université de Szeged  |b Szeged  |c 2003 
300 |a 85-103 
490 0 |a Mediterrán tanulmányok  |v 12 
650 4 |a Bölcsészettudományok 
650 4 |a Történettudomány és régészet 
695 |a Fiume története - 1776-1914 
856 4 0 |u http://acta.bibl.u-szeged.hu/7689/1/mediterran_012_085-103.pdf  |z Dokumentum-elérés